| 000 | 01049nam0a22002651 4500 | ||
|---|---|---|---|
| 001 | rc\3545705 | ||
| 005 | 20250610034709.0 | ||
| 021 |
_aRU _b[73-6602] |
||
| 035 | _a(NLR Aleph) 007672799 | ||
| 090 |
_a6452856 _c6452856 |
||
| 100 | _a20130115d1972 |||y0rusy50 ca | ||
| 101 | 0 | _arus | |
| 102 | _aRU | ||
| 105 | _aa z |||a| | ||
| 200 | 1 |
_aМили мужества _eДокум. повесть [о гвардейском экипаже эсминца "Сообразительный"] |
|
| 210 |
_aКиев _cПолитиздат Украины _d1972 |
||
| 215 |
_a116 с. _cил. _d20 |
||
| 606 |
_aЧерноморский военно-морской флот _xИстория кораблей _2psbo |
||
| 606 |
_aЧерноморский военно-морской флот в Великой Отечественной войне 1941-1945 гг. _2psbo |
||
| 700 | 1 |
_aВорков _bС.С. _gСергей Степанович |
|
| 801 | 0 |
_aRU _bNLR _gpsbo |
|
| 801 | 1 |
_aRU _bELAR _2rusmarc |
|
| 852 |
_aNLR _j72-3/12212 |
||
| 942 | _cBOOK | ||
| 980 | _aNB | ||